The House Of Commons (Record no. 1364772)

MARC details
000 -LEADER
fixed length control field 00673nam a2200265Ia 4500
008 - FIXED-LENGTH DATA ELEMENTS--GENERAL INFORMATION
fixed length control field 160321s9999||||xx |||||||||||||| ||und||
040 ## - CATALOGING SOURCE
Transcribing agency English
082 ## - DEWEY DECIMAL CLASSIFICATION NUMBER
Classification number XI.A/Masternman
082 ## - DEWEY DECIMAL CLASSIFICATION NUMBER
Item number BORI-53714
100 ## - MAIN ENTRY--PERSONAL NAME
Personal name J. Howard B. Masterman
245 #4 - TITLE STATEMENT
Title The House Of Commons
300 ## - PHYSICAL DESCRIPTION
Extent Viii+120
300 ## - PHYSICAL DESCRIPTION
Dimensions A
300 ## - PHYSICAL DESCRIPTION
Accompanying material Hardbound
530 ## - ADDITIONAL PHYSICAL FORM AVAILABLE NOTE
Availability source "Sanghawi,Vijay"
530 ## - ADDITIONAL PHYSICAL FORM AVAILABLE NOTE
Uniform Resource Identifier <a href="00100735.pdf">00100735.pdf</a>
563 ## - BINDING INFORMATION
Binding note Study
600 ## - SUBJECT ADDED ENTRY--PERSONAL NAME
Personal name J. Howard B. Masterman
630 ## - SUBJECT ADDED ENTRY--UNIFORM TITLE
Uniform title The House Of Commons
650 ## - SUBJECT ADDED ENTRY--TOPICAL TERM
Topical term or geographic name as entry element General Indology
650 ## - SUBJECT ADDED ENTRY--TOPICAL TERM
Topical term or geographic name as entry element History and Historiography
700 ## - ADDED ENTRY--PERSONAL NAME
Personal name J. Howard B. Masterman
730 ## - ADDED ENTRY--UNIFORM TITLE
Uniform title The House Of Commons
942 ## - ADDED ENTRY ELEMENTS (KOHA)
Koha item type Book
Holdings
Withdrawn status Lost status Damaged status Not for loan Home library Current library Date acquired Total Checkouts Full call number Barcode Date last seen Price effective from Koha item type
        Bhandarkar Oriental Research Institute, Pune Bhandarkar Oriental Research Institute, Pune 12/11/1986   BORI-53714 BORI-53714 03/21/2016 03/21/2016 Book